| 000 | 00559nam a2200181 i 4500 | ||
|---|---|---|---|
| 001 | 89956 | ||
| 003 | ES-MaACL | ||
| 005 | 20230906180317.0 | ||
| 007 | t| | ||
| 008 | 050117s1964 sp ||||1| spa d | ||
| 100 | 1 |
_aLeach, M. _970951 |
|
| 245 | 1 | 0 |
_aConservación de frutas y hortalizas / _cM. Leach y M. Masón ; traducido por Venancio López Lorenzo. |
| 260 |
_aZaragoza : _bAcribia, _c1964. |
||
| 300 |
_a227 p., 8 lám. ; _c19 cm. |
||
| 700 | 1 |
_aMasón, M. _978763 |
|
| 700 | 1 |
_aLópez Lorenzo, Venancio. _973739 |
|
| 852 |
_aES-MaACL _jC-26201 _bR.54999 |
||
| 999 |
_c89956 _d89956 |
||